00586nam a2200145 a 450000100100000000500170001000800410002704000250006808200130009324501020010626000840020830000200029295201110031299900170042300002797320200930031238.0110406s1950 dr 000 0 spa d aDO-SdBNPbspacBNPHU axxxbxxx00aLey de organización universitaria :b(con sus organizaciones hasta el 12 de diciembre de 1944). aCiudad Trujillo, República Dominicana :bUniversidad de Santo Domingo,c1950. a35 p. ;c25 cm. 001050718RVaPDbPDcHDd2011-04-06iLF1l0oxxx xxxp27973-10r2020-06-25w2020-06-25y1ZNo se presta c27465d27465